[Event "Zonal 2.4 Brasil 2011"]
[Site "Rio de Janeiro BRA"]
[Date "2011.06.22"]
[Round "4.19"]
[White "Brito, Luismar"]
[Black "Chiari, Arthur Gontijo"]
[Result "1-0"]
[WhiteElo "2277"]
[BlackElo "2016"]
[PlyCount "95"]
[EventDate "2011.06.18"]
[EventType "swiss"]
[EventRounds "9"]
[EventCountry "BRA"]
[Source "lmi"]
[SourceDate "2011.06.18"]

1. Nc3 c5 2. Nf3 d5 3. e4 d4 4. Ne2 Nc6 5. c3 e5 6. Ng3 a6 7. Bc4 h6 8. Bd5 Qc7
9. Bxc6+ bxc6 10. c4 Nf6 11. h3 g6 12. Qa4 Bd7 13. d3 Bg7 14. Bd2 O-O 15. Qa3
Qd6 16. b4 Rfb8 17. bxc5 Qe7 18. O-O Bc8 19. Ba5 Rb7 20. Rfb1 Rab8 21. Rb3 Nd7
22. Rxb7 Rxb7 23. Bb4 Bf8 24. Nf1 Rb8 25. N1d2 Nf6 26. Nb3 Nh5 27. Bd2 Qf6 28.
Qa5 Bxh3 29. Qxa6 Re8 30. Na5 Re6 31. Rb1 Bg4 32. Rb8 g5 33. Qc8 Qg7 34. Nxe5
Rxe5 35. Qxg4 Nf6 36. Qc8 Re6 37. Nxc6 Nh7 38. Nb4 Qe5 39. Nd5 h5 40. c6 h4 41.
c7 h3 42. Bb4 h2+ 43. Kh1 Kg7 44. Bxf8+ Kg6 45. Bb4 Kh6 46. Rb6 Rxb6 47. Nxb6
Qf4 48. Qh3+ 1-0

[Event "Zonal 2.4 Brasil 2011"]
[Site "Rio de Janeiro BRA"]
[Date "2011.06.22"]
[Round "4.20"]
[White "Dos Santos Jr, Braulio"]
[Black "Mascarenhas, Alberto Pinheiro"]
[Result "1-0"]
[WhiteElo "2016"]
[BlackElo "2240"]
[PlyCount "103"]
[EventDate "2011.06.18"]
[EventType "swiss"]
[EventRounds "9"]
[EventCountry "BRA"]
[Source "lmi"]
[SourceDate "2011.06.18"]

1. Nc3 c5 2. Nf3 d5 3. e4 Nf6 4. e5 Ne4 5. Bb5+ Nc6 6. d3 Nxc3 7. Bxc6+ bxc6 8.
bxc3 Bg4 9. h3 Bh5 10. e6 Bxf3 11. exf7+ Kxf7 12. Qxf3+ Kg8 13. Bf4 Qd7 14. O-O
h6 15. Be5 Kh7 16. Rab1 Kg8 17. Rb2 h5 18. Rfb1 Qe6 19. d4 cxd4 20. cxd4 Rh6
21. Rb8 Rxb8 22. Rxb8 Qf7 23. Qxf7+ Kxf7 24. Ra8 c5 25. Rxa7 cxd4 26. Bxd4 Rc6
27. c3 g6 28. Ra5 Ke6 29. f4 Bh6 30. g3 g5 31. f5+ Kd6 32. g4 hxg4 33. hxg4 e5
34. fxe6 Kxe6 35. Ra7 Bf8 36. a4 Be7 37. a5 Bd8 38. Kf2 Rc4 39. a6 Rxc3 40. Rh7
Ra3 41. a7 Kd6 42. Rb7 Ba5 43. Ke2 Bc7 44. Rb8 Ra2+ 45. Kd3 Ra3+ 46. Kc2 Ra2+
47. Kb3 Rxa7 48. Bxa7 Bxb8 49. Bxb8+ Kc5 50. Kc3 d4+ 51. Kd3 Kd5 52. Bc7 1-0

[Event "Zonal 2.4 Brasil 2011"]
[Site "Rio de Janeiro BRA"]
[Date "2011.06.22"]
[Round "4.21"]
[White "Maia Jose, Eduardo Bastos O"]
[Black "Pazos, Marco"]
[Result "1-0"]
[WhiteElo "2127"]
[BlackElo "1985"]
[PlyCount "79"]
[EventDate "2011.06.18"]
[EventType "swiss"]
[EventRounds "9"]
[EventCountry "BRA"]
[Source "lmi"]
[SourceDate "2011.06.18"]

1. d4 g6 2. c4 Bg7 3. g3 Nf6 4. Bg2 O-O 5. Nf3 d6 6. Nc3 c5 7. O-O Na6 8. e4
cxd4 9. Nxd4 Bd7 10. Qe2 Nc5 11. Rd1 a5 12. h3 a4 13. Be3 Re8 14. Rac1 Qc8 15.
Kh2 Be6 16. Nxe6 Nxe6 17. Nd5 Nd7 18. h4 Nec5 19. h5 e6 20. Nc3 a3 21. b3 Nf6
22. hxg6 hxg6 23. Rxd6 Re7 24. Rcd1 Re8 25. e5 Nfd7 26. f4 Bf8 27. R6d2 Ra6 28.
b4 Na4 29. Nxa4 Rxa4 30. Rxd7 Rxb4 31. R1d2 b6 32. Bb7 Qb8 33. Bc6 Rc8 34. Bb5
Kg7 35. Qg4 Kg8 36. Qg5 Bg7 37. Rd8+ Bf8 38. Qe7 Rxd8 39. Rxd8 Rb2+ 40. Kh3 1-0

[Event "Zonal 2.4 Brasil 2011"]
[Site "Rio de Janeiro BRA"]
[Date "2011.06.22"]
[Round "4.22"]
[White "Souza, Marcos Valerio A"]
[Black "Pluschkat, Gustavo Ranulpho"]
[Result "0-1"]
[WhiteElo "2097"]
[BlackElo "1942"]
[PlyCount "52"]
[EventDate "2011.06.18"]
[EventType "swiss"]
[EventRounds "9"]
[EventCountry "BRA"]
[Source "lmi"]
[SourceDate "2011.06.18"]

1. e4 c5 2. Nc3 Nc6 3. Nf3 g6 4. Bc4 Bg7 5. O-O Nf6 6. a4 O-O 7. d3 d6 8. Bg5
h6 9. Bf4 Nh5 10. Be3 Bg4 11. h3 Bxf3 12. Qxf3 Ne5 13. Qe2 Nxc4 14. dxc4 Bxc3
15. bxc3 Kh7 16. Qd2 Nf6 17. Bxh6 Nxe4 18. Qf4 e5 19. Qxe4 Kxh6 20. Qxb7 Qf6
21. Rab1 Qe6 22. Qa6 Rfd8 23. Rfd1 f5 24. Qc6 Qxc4 25. Rxd6 Rxd6 26. Qxa8 Rd7
0-1

[Event "Zonal 2.4 Brasil 2011"]
[Site "Rio de Janeiro BRA"]
[Date "2011.06.22"]
[Round "4.23"]
[White "Souza, Neves Andrey M"]
[Black "Ferreira, Alexander"]
[Result "1-0"]
[WhiteElo "2094"]
[BlackElo "1713"]
[PlyCount "83"]
[EventDate "2011.06.18"]
[EventType "swiss"]
[EventRounds "9"]
[EventCountry "BRA"]
[Source "lmi"]
[SourceDate "2011.06.18"]

1. Nf3 d5 2. b3 Nf6 3. Bb2 g6 4. c4 Bg7 5. g3 c5 6. cxd5 Qxd5 7. Bg2 Nc6 8. Nc3
Qd8 9. Ne4 b6 10. Ne5 Bb7 11. Nxc6 Qc7 12. Be5 Qc8 13. Nxe7 Kxe7 14. O-O Nxe4
15. Bxg7 Rg8 16. Bb2 Nf6 17. Qc2 Bxg2 18. Kxg2 Qe6 19. Qc3 Nd5 20. Qf3 f6 21.
e4 Nb4 22. a3 Nc2 23. Rac1 Nd4 24. Bxd4 cxd4 25. e5 Rad8 26. Rc7+ Rd7 27. exf6+
Kf7 28. Rxd7+ Qxd7 29. Rc1 Rc8 30. Rxc8 Qxc8 31. Qd5+ Qe6 32. Qxe6+ Kxe6 33.
Kf3 Kxf6 34. Ke4 g5 35. f3 h5 36. Kxd4 Kf5 37. Kd5 h4 38. d4 hxg3 39. hxg3 Kf6
40. Kc6 Ke7 41. d5 Kd8 42. f4 1-0

[Event "Zonal 2.4 Brasil 2011"]
[Site "Rio de Janeiro BRA"]
[Date "2011.06.23"]
[Round "5.1"]
[White "Fier, Alexandr"]
[Black "Di Berardino, Diego Rafael"]
[Result "1/2-1/2"]
[WhiteElo "2560"]
[BlackElo "2480"]
[PlyCount "127"]
[EventDate "2011.06.18"]
[EventType "swiss"]
[EventRounds "9"]
[EventCountry "BRA"]
[Source "lmi"]
[SourceDate "2011.06.18"]

1. c4 c5 2. Nf3 Nc6 3. d4 cxd4 4. Nxd4 g6 5. e4 Bg7 6. Nc2 Nf6 7. Nc3 O-O 8.
Be2 d6 9. O-O Nd7 10. Bd2 Nc5 11. b4 Ne6 12. Rc1 a5 13. a3 axb4 14. axb4 Nf4
15. Nd5 Nxe2+ 16. Qxe2 Ra2 17. b5 Rxc2 18. Rxc2 Nd4 19. Qd3 Nxc2 20. Qxc2 Be6
21. Bg5 Bxd5 22. exd5 h6 23. Be3 Qd7 24. Rc1 Rc8 25. Qe4 h5 26. h3 Bf6 27. g4
hxg4 28. hxg4 Ra8 29. Kg2 Ra4 30. Kf3 Qc8 31. Qd3 Qa8 32. Kg2 Ra1 33. Rc2 Ra2
34. g5 Be5 35. Rxa2 Qxa2 36. Qe4 Qb2 37. Kh3 Qe2 38. Kg2 Bg7 39. b6 Bc3 40. c5
dxc5 41. d6 exd6 42. Qe8+ Kh7 43. Qxf7+ Bg7 44. Kg3 Qa6 45. Qc7 d5 46. Bxc5
Qd3+ 47. Kh2 Qe4 48. Kg3 Qd3+ 49. f3 Qc3 50. Kg2 Qd2+ 51. Bf2 Qxg5+ 52. Kf1 Kh6
53. Bg3 Kh7 54. Bf2 Kh6 55. Be1 Qf5 56. Ke2 Qe5+ 57. Kf2 Qb2+ 58. Kf1 Bd4 59.
Qe7 Bxb6 60. Qh4+ Kg7 61. Qe7+ Kg8 62. Qe8+ Kg7 63. Qe7+ Kg8 64. Qe8+ 1/2-1/2

[Event "Zonal 2.4 Brasil 2011"]
[Site "Rio de Janeiro BRA"]
[Date "2011.06.23"]
[Round "5.3"]
[White "Toth, Christian Endre"]
[Black "Cordova, Emilio"]
[Result "0-1"]
[WhiteElo "2366"]
[BlackElo "2561"]
[PlyCount "58"]
[EventDate "2011.06.18"]
[EventType "swiss"]
[EventRounds "9"]
[EventCountry "BRA"]
[Source "lmi"]
[SourceDate "2011.06.18"]

1. c4 e5 2. g3 Bc5 3. Bg2 Nc6 4. Nc3 d6 5. e3 Bf5 6. d3 Nge7 7. Nge2 Qd7 8. h3
O-O 9. a3 a5 10. d4 exd4 11. exd4 Ba7 12. Be3 Bg6 13. g4 f5 14. Qd2 a4 15. Nf4
Bf7 16. Ncd5 Nxd5 17. Nxd5 fxg4 18. O-O-O Bg6 19. hxg4 Qxg4 20. Bh3 Qe4 21. Nc3
Qe8 22. Nd5 Bb6 23. b4 axb3 24. Kb2 Na5 25. Qc3 Rxf2+ 26. Rd2 Rxd2+ 27. Bxd2
Qe2 28. Nxb6 cxb6 29. Rc1 Bf7 0-1

[Event "Zonal 2.4 Brasil 2011"]
[Site "Rio de Janeiro BRA"]
[Date "2011.06.23"]
[Round "5.4"]
[White "El Debs, Felipe De Cresce"]
[Black "Condori, Edwin"]
[Result "1/2-1/2"]
[WhiteElo "2497"]
[BlackElo "2159"]
[PlyCount "76"]
[EventDate "2011.06.18"]
[EventType "swiss"]
[EventRounds "9"]
[EventCountry "BRA"]
[Source "lmi"]
[SourceDate "2011.06.18"]

1. Nf3 g6 2. c4 Bg7 3. Nc3 d6 4. d4 Nf6 5. e4 O-O 6. Be2 e5 7. Be3 Ng4 8. Bg5
f6 9. Bc1 Nc6 10. d5 Ne7 11. h3 Nh6 12. h4 Nf7 13. h5 g5 14. Rg1 c6 15. g4 b5
16. dxc6 b4 17. Nd5 Nxc6 18. Qa4 Nd4 19. Nxb4 Nxe2 20. Kxe2 Bxg4 21. Be3 f5 22.
Rxg4 fxg4 23. Nh2 g3 24. fxg3 Qc8 25. Nd5 Qh3 26. Nf1 Nh6 27. Nd2 Ng4 28. Ne7+
Kh8 29. Nf5 Nxe3 30. Kxe3 Rxf5 31. exf5 Qxg3+ 32. Ke2 Qg4+ 33. Ke3 Qf4+ 34. Ke2
Qxf5 35. Qc6 Rc8 36. Qf3 Qe6 37. Rf1 e4 38. Qxe4 Qxe4+ 1/2-1/2

[Event "Zonal 2.4 Brasil 2011"]
[Site "Rio de Janeiro BRA"]
[Date "2011.06.23"]
[Round "5.5"]
[White "Matsuura, Everaldo"]
[Black "Aranha Filho, Alvaro Z"]
[Result "1-0"]
[WhiteElo "2480"]
[BlackElo "2302"]
[PlyCount "103"]
[EventDate "2011.06.18"]
[EventType "swiss"]
[EventRounds "9"]
[EventCountry "BRA"]
[Source "lmi"]
[SourceDate "2011.06.18"]

1. e4 c5 2. Nf3 Nc6 3. d4 cxd4 4. Nxd4 Nf6 5. Nc3 e5 6. Ndb5 d6 7. Bg5 a6 8.
Na3 b5 9. Bxf6 gxf6 10. Nd5 f5 11. g3 Bg7 12. Bg2 f4 13. c3 O-O 14. Nc2 a5 15.
Qh5 Ne7 16. Nxe7+ Qxe7 17. O-O Bb7 18. Rfe1 fxg3 19. hxg3 f5 20. exf5 Bxg2 21.
Kxg2 Qb7+ 22. Qf3 Qxf3+ 23. Kxf3 d5 24. Kg2 Rac8 25. Re2 d4 26. cxd4 exd4 27.
Ne1 Rxf5 28. Nd3 h5 29. Rae1 Rc6 30. Re6 Rc2 31. R1e2 Rc7 32. Re7 Rc6 33. Ra7
a4 34. Ree7 Rg6 35. Re8+ Kh7 36. Re4 Rg4 37. Rae7 Rfg5 38. Kh3 Rxe4 39. Rxe4
Kg6 40. Kg2 Bf6 41. Kf3 Kf7 42. Rf4 Ke6 43. Ke4 Rg4 44. b3 axb3 45. axb3 Rg5
46. Rh4 Kd6 47. Rh1 Rg4+ 48. Kf3 Rg5 49. Ra1 Bg7 50. Ra6+ Kd5 51. Nf4+ Ke5 52.
Rb6 1-0

[Event "Zonal 2.4 Brasil 2011"]
[Site "Rio de Janeiro BRA"]
[Date "2011.06.23"]
[Round "5.6"]
[White "Macedo, Maximo Iack"]
[Black "Nery Junior, Jose Antonio"]
[Result "1-0"]
[WhiteElo "2314"]
[BlackElo "2017"]
[PlyCount "49"]
[EventDate "2011.06.18"]
[EventType "swiss"]
[EventRounds "9"]
[EventCountry "BRA"]
[Source "lmi"]
[SourceDate "2011.06.18"]

1. d4 c5 2. d5 Nf6 3. Nc3 e6 4. e4 d6 5. Nf3 exd5 6. Nxd5 Nxd5 7. Qxd5 Be7 8.
Bg5 Nc6 9. O-O-O O-O 10. Bxe7 Qxe7 11. Qxd6 Qxe4 12. Qxc5 Bg4 13. Bd3 Qa4 14.
Qc4 Nb4 15. a3 Nxd3+ 16. Qxd3 Rac8 17. Rd2 Rc5 18. Qd6 b6 19. Kb1 h6 20. Ne5
Bf5 21. Nd7 Bxd7 22. Qxd7 b5 23. Re1 Qf4 24. Qd6 Qf5 25. Qxf8+ 1-0

[Event "Zonal 2.4 Brasil 2011"]
[Site "Rio de Janeiro BRA"]
[Date "2011.06.23"]
[Round "5.7"]
[White "Bil, Angelo"]
[Black "Bittencourt, Jorge"]
[Result "0-1"]
[WhiteElo "2104"]
[BlackElo "2446"]
[PlyCount "116"]
[EventDate "2011.06.18"]
[EventType "swiss"]
[EventRounds "9"]
[EventCountry "BRA"]
[Source "lmi"]
[SourceDate "2011.06.18"]

1. e4 c5 2. Nf3 d6 3. c3 Nf6 4. Be2 Bg4 5. O-O e6 6. h3 Bh5 7. d3 Nc6 8. Re1
Be7 9. Nbd2 d5 10. e5 Nd7 11. d4 cxd4 12. cxd4 Qb6 13. Nb3 O-O 14. a3 a5 15. a4
Rac8 16. Bb5 Ndb8 17. Be3 Na6 18. Qe2 Ncb4 19. Rec1 Rxc1+ 20. Rxc1 Nc7 21. g4
Bg6 22. Ne1 Nxb5 23. axb5 Qd8 24. Nc5 Bxc5 25. Rxc5 b6 26. Rc1 Qd7 27. h4 Rc8
28. Rc3 h6 29. h5 Be4 30. g5 Kh7 31. Qg4 Rg8 32. Kh2 Qxb5 33. g6+ fxg6 34.
hxg6+ Bxg6 35. Rc7 Qe8 36. Qf4 Kh8 37. Qh4 Qd8 38. Re7 Nc6 39. Bxh6 Nxe7 40.
Bg5+ Bh7 41. Bxe7 Qe8 42. Nf3 Qg6 43. Ng5 Re8 44. Bd6 Kg8 45. Kg3 b5 46. Qf4
Qf5 47. Qd2 Qd3+ 48. Qxd3 Bxd3 49. Bc7 a4 50. Bd6 Bf5 51. Kf3 g6 52. Ke3 Kg7
53. Kd2 Rh8 54. Ba3 Rh2 55. Ke3 Rh1 56. Kd2 Rf1 57. Ke2 Rc1 58. f4 Rc4 0-1

[Event "Zonal 2.4 Brasil 2011"]
[Site "Rio de Janeiro BRA"]
[Date "2011.06.23"]
[Round "5.8"]
[White "Madeira, Wagner Martins"]
[Black "Espinoza, Palomino Willyam"]
[Result "1/2-1/2"]
[WhiteElo "2210"]
[BlackElo "2295"]
[PlyCount "66"]
[EventDate "2011.06.18"]
[EventType "swiss"]
[EventRounds "9"]
[EventCountry "BRA"]
[Source "lmi"]
[SourceDate "2011.06.18"]

1. e4 e5 2. Nf3 Nc6 3. d4 exd4 4. Nxd4 Nf6 5. Nxc6 bxc6 6. e5 Qe7 7. Qe2 Nd5 8.
c4 Nb6 9. b3 a5 10. a4 Qe6 11. Bb2 Bb4+ 12. Nd2 O-O 13. O-O-O d5 14. exd6 cxd6
15. Qf3 d5 16. cxd5 cxd5 17. Bd3 Qd6 18. Qg3 Qh6 19. Kb1 Ba6 20. Bxa6 Rxa6 21.
Nf3 Nd7 22. Rxd5 Nc5 23. Ka2 Rg6 24. Rg5 Ne4 25. Rxg6 hxg6 26. Qe5 Nxf2 27. Rf1
Nd3 28. Qg5 Nxb2 29. Qxh6 gxh6 30. Kxb2 Rc8 31. Rf2 Kg7 32. Rc2 Ba3+ 33. Kb1
Rd8 1/2-1/2

[Event "Zonal 2.4 Brasil 2011"]
[Site "Rio de Janeiro BRA"]
[Date "2011.06.23"]
[Round "5.9"]
[White "Teixeira, Ricardo Da Silva"]
[Black "Palacios, Efrain"]
[Result "1-0"]
[WhiteElo "2292"]
[BlackElo "2176"]
[PlyCount "89"]
[EventDate "2011.06.18"]
[EventType "swiss"]
[EventRounds "9"]
[EventCountry "BRA"]
[Source "lmi"]
[SourceDate "2011.06.18"]

1. d4 d5 2. Nf3 e6 3. e3 Nf6 4. Bd3 c5 5. b3 Nc6 6. Bb2 Be7 7. Nbd2 O-O 8. O-O
a6 9. Ne5 cxd4 10. exd4 g6 11. f4 Qb6 12. c3 Nd7 13. Qe2 f5 14. Nxg6 hxg6 15.
Qxe6+ Kg7 16. Qxd5 Nf6 17. Qf3 Be6 18. Rae1 Bd5 19. Qg3 Nh5 20. Qf2 Bf6 21. Bc4
Qd8 22. Bxd5 Qxd5 23. Nc4 Rae8 24. Ne5 Qd8 25. c4 Kh7 26. d5 Nb8 27. g3 Be7 28.
Nf3 Nd7 29. Kg2 Bf6 30. Ne5 Bg7 31. Re2 Nhf6 32. Ba3 Ne4 33. Rxe4 fxe4 34. Bxf8
Bxe5 35. fxe5 Rxf8 36. Qe3 Rf5 37. Qxe4 Qf8 38. Rxf5 gxf5 39. Qf4 Kg6 40. h4
Qe7 41. e6 Nf8 42. Qe5 b6 43. Kf3 a5 44. Kf4 Qf6 45. e7 1-0

[Event "Zonal 2.4 Brasil 2011"]
[Site "Rio de Janeiro BRA"]
[Date "2011.06.23"]
[Round "5.10"]
[White "Ferreira, Kleber Victor"]
[Black "Abdalla, Luiz Guilherme Aure"]
[Result "1-0"]
[WhiteElo "2099"]
[BlackElo "2289"]
[PlyCount "56"]
[EventDate "2011.06.18"]
[EventType "swiss"]
[EventRounds "9"]
[EventCountry "BRA"]
[Source "lmi"]
[SourceDate "2011.06.18"]

1. f4 d5 2. Nf3 g6 3. e3 Bg7 4. Bb5+ c6 5. Be2 Nf6 6. d3 O-O 7. O-O c5 8. Qe1
Nc6 9. Nc3 d4 10. Ne4 Nxe4 11. dxe4 Qb6 12. exd4 cxd4 13. Kh1 Nb4 14. Bd1 Bd7
15. a3 Na6 16. Qh4 Bb5 17. Re1 Qc7 18. f5 Rfd8 19. Bh6 f6 20. e5 Qd7 21. c3 Bc4
22. Nxd4 Nc5 23. Bc2 g5 24. Qh3 b5 25. Rad1 Qb7 26. Bxg7 Kxg7 27. Ne6+ Bxe6 28.
fxe6 Rxd1 1-0

[Event "Zonal 2.4 Brasil 2011"]
[Site "Rio de Janeiro BRA"]
[Date "2011.06.23"]
[Round "5.11"]
[White "Guimaraes, Wagner Peixoto"]
[Black "Borda, Alan"]
[Result "1/2-1/2"]
[WhiteElo "2277"]
[BlackElo "2151"]
[PlyCount "45"]
[EventDate "2011.06.18"]
[EventType "swiss"]
[EventRounds "9"]
[EventCountry "BRA"]
[Source "lmi"]
[SourceDate "2011.06.18"]

1. e4 c6 2. d4 d5 3. exd5 cxd5 4. Bd3 g6 5. c3 Nh6 6. Ne2 Bf5 7. Ng3 Bxd3 8.
Qxd3 Nc6 9. O-O e6 10. Na3 Bg7 11. Bf4 a6 12. Rae1 O-O 13. Qd2 Ng4 14. h3 Nf6
15. Bh6 Qa5 16. Bxg7 Kxg7 17. f4 Qc7 18. Rf3 Ne7 19. Re5 Nc6 20. Re2 Ne7 21.
Re5 Nc6 22. Re1 Ne7 23. Re5 1/2-1/2

[Event "Zonal 2.4 Brasil 2011"]
[Site "Rio de Janeiro BRA"]
[Date "2011.06.23"]
[Round "5.14"]
[White "Mariano, Marceley Martins"]
[Black "Zambrana, Oswaldo"]
[Result "0-1"]
[WhiteElo "2043"]
[BlackElo "2514"]
[PlyCount "62"]
[EventDate "2011.06.18"]
[EventType "swiss"]
[EventRounds "9"]
[EventCountry "BRA"]
[Source "lmi"]
[SourceDate "2011.06.18"]

1. e4 c5 2. Nc3 Nc6 3. f4 g6 4. Bb5 Nd4 5. Bc4 Bg7 6. Nf3 e6 7. O-O Ne7 8. e5
d5 9. exd6 Qxd6 10. d3 O-O 11. Ne4 Qc7 12. c3 b5 13. Bb3 Nxb3 14. Qxb3 Rb8 15.
Qc2 Nd5 16. g3 Bb7 17. Qf2 c4 18. d4 b4 19. Bd2 Ba8 20. Rfb1 Qc6 21. Nc5 Rb6
22. Kf1 Rfb8 23. cxb4 Nxb4 24. Bc3 Qxf3 25. Qxf3 Bxf3 26. Nd7 Nc2 27. Nxb6 Rxb6
28. a4 Nxa1 29. Rxa1 Bc6 30. a5 Rb5 31. Ra4 Rxb2 0-1

[Event "Zonal 2.4 Brasil 2011"]
[Site "Rio de Janeiro BRA"]
[Date "2011.06.23"]
[Round "5.15"]
[White "Gonzalez, Bolivar Ribeiro"]
[Black "Souza, Neves Andrey M"]
[Result "1-0"]
[WhiteElo "2317"]
[BlackElo "2094"]
[PlyCount "59"]
[EventDate "2011.06.18"]
[EventType "swiss"]
[EventRounds "9"]
[EventCountry "BRA"]
[Source "lmi"]
[SourceDate "2011.06.18"]

1. e4 Nc6 2. Nf3 d6 3. Bc4 Nf6 4. Nc3 Bg4 5. d4 e5 6. d5 Nd4 7. Be3 Nxf3+ 8.
gxf3 Bd7 9. Qd2 g6 10. O-O-O Bg7 11. Ne2 b5 12. Bd3 O-O 13. Bg5 Qb8 14. Ng3 c5
15. h4 c4 16. Be2 Rc8 17. h5 b4 18. hxg6 hxg6 19. Bxf6 Bxf6 20. Qh6 b3 21. axb3
cxb3 22. c3 Qb4 23. Kd2 Qb6 24. Rdg1 Rxc3 25. bxc3 Qa5 26. Nh5 Qa2+ 27. Ke3 Bh8
28. Rxg6+ fxg6 29. Qxg6+ Kf8 30. Nf6 1-0

[Event "Zonal 2.4 Brasil 2011"]
[Site "Rio de Janeiro BRA"]
[Date "2011.06.23"]
[Round "5.16"]
[White "Cavalcanti, Francisco De Assis"]
[Black "Silva, Marcelo Dos Santos"]
[Result "1-0"]
[WhiteElo "2284"]
[BlackElo "2038"]
[PlyCount "77"]
[EventDate "2011.06.18"]
[EventType "swiss"]
[EventRounds "9"]
[EventCountry "BRA"]
[Source "lmi"]
[SourceDate "2011.06.18"]

1. d4 e6 2. Nf3 f5 3. g3 Nf6 4. Bg2 d5 5. O-O Bd6 6. c4 c6 7. Qc2 O-O 8. Nbd2
Nbd7 9. cxd5 cxd5 10. Nb3 Ne4 11. Ne1 Qc7 12. Qxc7 Bxc7 13. Nd3 b6 14. Bf4 Bxf4
15. Nxf4 Ndf6 16. Rfc1 g5 17. Nd3 Ne8 18. Ne5 Bb7 19. a4 a5 20. e3 Rd8 21. Bf1
N4d6 22. Rc3 Ne4 23. Rc2 N4d6 24. Nd2 Ra8 25. Nd7 Rf7 26. Nxb6 Rb8 27. b4 axb4
28. a5 Rc7 29. Rb2 Ba6 30. Bxa6 Ra7 31. Bc8 Nxc8 32. Nxc8 Rxc8 33. Rxb4 Kf7 34.
Nb3 Nd6 35. Nc5 Ne4 36. Nd3 Ke7 37. Ne5 Nd6 38. a6 Nc4 39. Rb7+ 1-0

[Event "Zonal 2.4 Brasil 2011"]
[Site "Rio de Janeiro BRA"]
[Date "2011.06.23"]
[Round "5.17"]
[White "Rodrigues, Nei Jorge"]
[Black "Brito, Luismar"]
[Result "0-1"]
[WhiteElo "2029"]
[BlackElo "2277"]
[PlyCount "94"]
[EventDate "2011.06.18"]
[EventType "swiss"]
[EventRounds "9"]
[EventCountry "BRA"]
[Source "lmi"]
[SourceDate "2011.06.18"]

1. d4 Nf6 2. Nf3 e6 3. c4 b6 4. e3 Bb7 5. Be2 Bb4+ 6. Bd2 Qe7 7. Bxb4 Qxb4+ 8.
Qd2 Qe7 9. Nc3 d6 10. O-O O-O 11. b3 Nbd7 12. b4 Ne4 13. Nxe4 Bxe4 14. Rfd1 f5
15. Rac1 g5 16. Ne1 g4 17. f3 gxf3 18. gxf3 Bc6 19. Nd3 Nf6 20. b5 Bb7 21. Rf1
Kh8 22. Nf4 Rg8+ 23. Kh1 Rg7 24. d5 e5 25. Ne6 Rf7 26. Rg1 Rg8 27. Rxg8+ Nxg8
28. Rg1 Bc8 29. Ng5 Rg7 30. f4 Nf6 31. Bf3 h6 32. Nh3 Ng4 33. Qe1 Bd7 34. Nf2
exf4 35. Bxg4 fxe3 36. Bf3 exf2 37. Qxf2 Rxg1+ 38. Qxg1 Kh7 39. Qc1 Qe5 40. Kg2
f4 41. Qd2 Bf5 42. Kf2 Kg6 43. h4 Be4 44. h5+ Kg5 45. Be2 Bf5 46. Kf1 Bh3+ 47.
Ke1 Bg4 0-1

[Event "Zonal 2.4 Brasil 2011"]
[Site "Rio de Janeiro BRA"]
[Date "2011.06.23"]
[Round "5.18"]
[White "Santiago, Yago De Moura"]
[Black "Dias, Simao Poscidonio"]
[Result "1-0"]
[WhiteElo "2238"]
[BlackElo "2029"]
[PlyCount "69"]
[EventDate "2011.06.18"]
[EventType "swiss"]
[EventRounds "9"]
[EventCountry "BRA"]
[Source "lmi"]
[SourceDate "2011.06.18"]

1. Nf3 c5 2. e4 a6 3. Nc3 e6 4. d4 cxd4 5. Nxd4 Qc7 6. Bd3 Bb4 7. Bd2 Nc6 8.
Nxc6 bxc6 9. O-O Nf6 10. Qe2 e5 11. f4 O-O 12. Kh1 Bc5 13. fxe5 Qxe5 14. Bf4
Qh5 15. e5 Re8 16. Qd2 Ng4 17. Be2 Qg6 18. Bxg4 Qxg4 19. Ne4 Be7 20. c4 a5 21.
Rf3 Qe6 22. b3 d5 23. exd6 Qxe4 24. Re1 Qg6 25. dxe7 Be6 26. Rg3 Qh5 27. Qc3 g6
28. Bc1 Rxe7 29. Bb2 f6 30. Qxf6 Raa7 31. Qh8+ Kf7 32. Rf3+ Bf5 33. Qg7+ Ke8
34. Qg8+ Kd7 35. Rxe7+ 1-0

[Event "Zonal 2.4 Brasil 2011"]
[Site "Rio de Janeiro BRA"]
[Date "2011.06.23"]
[Round "5.19"]
[White "Pluschkat, Gustavo Ranulpho"]
[Black "Maia Jose, Eduardo Bastos O"]
[Result "1/2-1/2"]
[WhiteElo "1942"]
[BlackElo "2127"]
[PlyCount "101"]
[EventDate "2011.06.18"]
[EventType "swiss"]
[EventRounds "9"]
[EventCountry "BRA"]
[Source "lmi"]
[SourceDate "2011.06.18"]

1. e4 e5 2. Nf3 Nc6 3. Bb5 a6 4. Ba4 Nf6 5. O-O Be7 6. Re1 b5 7. Bb3 O-O 8. a4
Bb7 9. d3 d6 10. Nbd2 Na5 11. Ba2 c5 12. c3 Qc7 13. b3 Nc6 14. Bb2 Rad8 15. Nf1
d5 16. exd5 Nxd5 17. Bb1 Nf4 18. axb5 axb5 19. Re3 b4 20. Ng3 bxc3 21. Bxc3 f6
22. Nh4 Ra8 23. Rxa8 Rxa8 24. Ngf5 Bf8 25. Rg3 Nd4 26. Bxd4 cxd4 27. Nxg7 Bxg7
28. Nf5 Ng6 29. h4 Bc8 30. Nxg7 Kxg7 31. h5 Ra1 32. Kh2 Qc3 33. hxg6 h6 34. b4
Qxb4 35. Qc2 Qc3 36. f4 Qxc2 37. Bxc2 Ra2 38. Bb3 Rd2 39. fxe5 fxe5 40. Rf3
Kxg6 41. Rf8 Bf5 42. Rg8+ Kf6 43. Rf8+ Kg5 44. Rg8+ Kf4 45. Rf8 Kg5 46. Rg8+
Kh4 47. Re8 Bxd3 48. Rxe5 Bf1 49. Bd5 Kg4 50. Be6+ Kh4 51. Bd5 1/2-1/2

[Event "Zonal 2.4 Brasil 2011"]
[Site "Rio de Janeiro BRA"]
[Date "2011.06.23"]
[Round "5.20"]
[White "Cuellar, Diego"]
[Black "Dos Santos Jr, Braulio"]
[Result "1-0"]
[WhiteElo "2124"]
[BlackElo "2016"]
[PlyCount "63"]
[EventDate "2011.06.18"]
[EventType "swiss"]
[EventRounds "9"]
[EventCountry "BRA"]
[Source "lmi"]
[SourceDate "2011.06.18"]

1. e4 e5 2. Nf3 Nc6 3. d4 exd4 4. Nxd4 Qh4 5. Nb5 Bc5 6. Qf3 Nd4 7. Nxd4 Bxd4
8. c3 Be5 9. g3 Qe7 10. Bg2 c6 11. Qe2 Bc7 12. b3 d6 13. O-O Be6 14. Rd1 O-O-O
15. Ba3 Qe8 16. c4 Ne7 17. Nc3 Kb8 18. Rd3 Nc8 19. Rad1 f6 20. Qe3 h5 21. c5
dxc5 22. Rxd8 Bxd8 23. e5 h4 24. exf6 Bxf6 25. Ne4 hxg3 26. hxg3 Qh5 27. Bf3
Qh6 28. Qxh6 Rxh6 29. Bc1 Rh8 30. Nxc5 Bf5 31. g4 Bc2 32. Rd7 1-0

[Event "Zonal 2.4 Brasil 2011"]
[Site "Rio de Janeiro BRA"]
[Date "2011.06.23"]
[Round "5.21"]
[White "Pereira, Celio Antunes"]
[Black "Cuellar, Ulises"]
[Result "1/2-1/2"]
[WhiteElo "2039"]
[BlackElo "1994"]
[PlyCount "28"]
[EventDate "2011.06.18"]
[EventType "swiss"]
[EventRounds "9"]
[EventCountry "BRA"]
[Source "lmi"]
[SourceDate "2011.06.18"]

1. e4 c5 2. Nf3 Nc6 3. d4 cxd4 4. Nxd4 g6 5. Nc3 Bg7 6. Be3 Nf6 7. Be2 O-O 8.
O-O d5 9. exd5 Nxd5 10. Nxd5 Qxd5 11. Bf3 Qa5 12. Nxc6 bxc6 13. c3 Rb8 14. Qc1
Qc7 1/2-1/2

[Event "Zonal 2.4 Brasil 2011"]
[Site "Rio de Janeiro BRA"]
[Date "2011.06.23"]
[Round "5.24"]
[White "Ferreira, Alexander"]
[Black "Souza, Marcos Valerio A"]
[Result "0-1"]
[WhiteElo "1713"]
[BlackElo "2097"]
[PlyCount "38"]
[EventDate "2011.06.18"]
[EventType "swiss"]
[EventRounds "9"]
[EventCountry "BRA"]
[Source "lmi"]
[SourceDate "2011.06.18"]

1. e4 c5 2. Nf3 Nc6 3. d4 cxd4 4. Nxd4 Nf6 5. Nc3 d6 6. f4 Bg4 7. Nf3 Qb6 8. b3
g6 9. Na4 Qb4+ 10. Bd2 Qxe4+ 11. Be2 Bxf3 12. gxf3 Qe6 13. Bc3 Bh6 14. Qd2 O-O
15. Nb2 Nd5 16. Nd3 Nxc3 17. Qxc3 Bg7 18. Qd2 Bxa1 19. c3 Qf6 0-1